Air Discography - Statistics

General Stats
  • This quiz has been taken 4 times
  • The average score is 3 of 15
Answer Stats
Type Year Name % Correct
Album 1998 Moon Safari
100%
Album 2001 10 000 Hz Legend
50%
Album 2009 Love 2
50%
Album 2004 Talkie Walkie
50%
Collaborative Album 2003 City Reading (Tre Storie Western)
0%
Video Album 1999 Eating Sleeping Waiting and Playing: A Film About Air on Tour
0%
Remix Album 2002 Everybody Hertz
0%
Mix Album 2006 Late Night Tales: Air
0%
Album 2012 Le voyage dans la lune
0%
Soundtrack 2014 Music for Museum
0%
Album 2007 Pocket Symphony
0%
EP 1997 Premiers Symptômes
0%
Soundtrack 2000 The Virgin Suicides
0%
Compilation 2016 Twentyears
0%
Video Album 2002 Videos
0%
No matching quizzes found
Score Distribution
Percent of People with Each Score
Percentile by Number Answered
Your Score History
You have not taken this quiz